000 00302nam a22001337a 4500
020 _a8172315481
082 _a297.1 ALI
100 _aAli, Mohammad Ali Ibn Zubair
245 _aSigns Of Qiyamah
260 _aDelhi
_bIslamic Book Service
_c2011
300 _a44
650 _aIslam Faith
942 _cBK
999 _c20015
_d20015